000 00475nam a2200193Ia 4500
008 240510s9999 xx 000 0 und d
020 _a0000201627655
041 _aEng
082 _a004.62
082 _bW17
100 _aWASHBURN K. & EVANS J.T.
245 0 _aTCP/IP : RUNNING A SUCCESSFUL NETWORK
260 _bENGLAND : ADDISON WESLY
260 _c1993
300 _a537 p.
650 _aTCP/IP : PROTOCOLS :NETWORK STANDARDS
942 _2ddc
942 _cRBK
999 _c25025
_d25025
945 _a1
_bMadushi Gamage
_c1
_dMadushi Gamage